000
00342nam a2200133Ia 4500
008
231129s9999||||xx |||||||||||||| ||spa||
020
_a
84-7634-673-5
040
_b
spa
082
_a
808.3876 L433p
100
_a
Le Guin Ursula K.
245
0
_a
Planeta de exilio
264
_a
Orbis
942
_2
ddc
_c
BKS
999
_c
22828
_d
22828